Image databases-(E-BOOK) (Record no. 191448)
[ view plain ]
| 000 -LEADER | |
|---|---|
| fixed length control field | 01180 a2200265 4500 |
| 003 - CONTROL NUMBER IDENTIFIER | |
| control field | Nust |
| 005 - DATE AND TIME OF LATEST TRANSACTION | |
| control field | 20170207154016.0 |
| 020 ## - INTERNATIONAL STANDARD BOOK NUMBER | |
| International Standard Book Number | 0-471-22463-4 |
| 020 ## - INTERNATIONAL STANDARD BOOK NUMBER | |
| International Standard Book Number | 978-0-471-22463-1 |
| 040 ## - CATALOGING SOURCE | |
| Transcribing agency | Nust |
| 082 0# - DEWEY DECIMAL CLASSIFICATION NUMBER | |
| Classification number | 621.367 |
| 245 00 - TITLE STATEMENT | |
| Title | Image databases-(E-BOOK) |
| Medium | [Elektronisk resurs] |
| Remainder of title | search and retrieval of digital imagery / |
| Statement of responsibility, etc. | edited by Vittorio Castelli, Lawrence D. Bergman |
| 260 ## - PUBLICATION, DISTRIBUTION, ETC. | |
| Place of publication, distribution, etc. | New York : |
| Name of publisher, distributor, etc. | Wiley, |
| Date of publication, distribution, etc. | cop. 2002 |
| 300 ## - PHYSICAL DESCRIPTION | |
| Extent | PDF-fil (xvi, 589 s.) |
| 500 ## - GENERAL NOTE | |
| General note | E-bok |
| 505 ## - FORMATTED CONTENTS NOTE | |
| Formatted contents note | Introduction - Selected Application - Storage And System Architecture - Indexing And Retrieval |
| 520 ## - SUMMARY, ETC. | |
| Summary, etc. | This title brings together acknowledged experts and researchers to discuss all aspects of image databases and the search engines used to retrieve image data from them. It covers architecture, indexing, retrieval, transmission and user interface issues |
| 650 #0 - SUBJECT ADDED ENTRY--TOPICAL TERM | |
| Topical term or geographic name entry element | Database searching |
| 650 #0 - SUBJECT ADDED ENTRY--TOPICAL TERM | |
| Topical term or geographic name entry element | Image processing |
| General subdivision | Digital techniques |
| 650 #0 - SUBJECT ADDED ENTRY--TOPICAL TERM | |
| Topical term or geographic name entry element | Multimedia systems |
| 650 #0 - SUBJECT ADDED ENTRY--TOPICAL TERM | |
| Topical term or geographic name entry element | Optical data processing |
| 700 1# - ADDED ENTRY--PERSONAL NAME | |
| Personal name | Bergman, Lawrence D., |
| Dates associated with a name | 1953- |
| Relator code | edt |
| 700 1# - ADDED ENTRY--PERSONAL NAME | |
| Personal name | Castelli, Vittorio |
| Relator code | edt |
| 856 40 - ELECTRONIC LOCATION AND ACCESS | |
| Uniform Resource Identifier | <a href="http://www3.interscience.wiley.com/cgi-bin/booktoc?ID=93512733">http://www3.interscience.wiley.com/cgi-bin/booktoc?ID=93512733</a> |
| 942 ## - ADDED ENTRY ELEMENTS (KOHA) | |
| Source of classification or shelving scheme | |
| Koha item type | Book |
| Withdrawn status | Lost status | Source of classification or shelving scheme | Damaged status | Not for loan | Collection code | Permanent Location | Current Location | Date acquired | Total Checkouts | Full call number | Barcode | Date last seen | Price effective from | Koha item type |
|---|---|---|---|---|---|---|---|---|---|---|---|---|---|---|
| Military College of Signals (MCS) | Military College of Signals (MCS) | 12/12/2016 | 621.367 CAS | MCSEB-739 | 12/08/2016 | 12/12/2016 | Book |
